000 00540nam a2200181Ia 4500
008 151018s9999 xx 000 0 und d
082 _bRBASDV7730
_a891.463
100 _aना सी फडके
245 _aअल्ला हो अकबर
250 _b3
260 _bललित वैभव
_c1967
300 _a367
600 _aना सी फडके
630 _aअल्ला हो अकबर
700 _aना सी फडके
730 _aअल्ला हो अकबर
942 _cBOOK
999 _c1010095
_d1010092